| 000 | 00687nam a22002177a 4500 | ||
|---|---|---|---|
| 999 |
_c2359 _d2359 |
||
| 001 | 10791 | ||
| 003 | BD-DhUAP | ||
| 005 | 20200223162003.0 | ||
| 008 | 200223s 2007bg b 001 0 eng | ||
| 020 | _a9840517864 | ||
| 040 |
_aDLC _cDLC _dBD-DhUAP _bEng |
||
| 082 |
_223 _a954 AHM |
||
| 100 | 1 |
_aAhmed, A. F. Salahuddin. _912686 |
|
| 245 | 1 | 0 |
_aHistory and heritage : _breflections on society, politics, and culture of South Asia / _cA. F. Salahuddin Ahmed. |
| 260 |
_aDhaka : _bUniversity Press, _c2007. |
||
| 300 |
_a113 pages ; _c22 cm. |
||
| 504 | _aIncludes bibliographical references and index. | ||
| 651 | 0 |
_aSouth Asia _xCivilization. _912687 |
|
| 942 |
_2ddc _cBK |
||